000 00620nam a2200229Ia 4500
003 OSt
005 20221007063311.0
006 a|||||r|||| 00| 0
007 ta
008 221006b |||||||| |||| 00| 0 eng d
024 _a22,332
037 _cTextual
040 _aFLL
_cFLL
_beng
041 _2eng
_aeng
082 _aV2:2:987, L1
100 _aGajendragadkar P. B.
245 0 _aSecularism and the constitution of India
260 _aBombay
_bT. V. Chidambaran India
_c1971
300 _a179p
_ccm.
942 _hV2:2:987, L1
_cTEXL
_2CC
999 _c1130924
_d1130924